Sociology and history : (Record no. 100616)

MARC details
000 -LEADER
fixed length control field 00609nam a22001937a 4500
005 - DATE AND TIME OF LATEST TRANSACTION
control field 20160624162723.0
010 ## - LCCN (DPL NO)
LC control number ENG-115333
020 ## - INTERNATIONAL STANDARD BOOK NUMBER
International Standard Book Number 9788125060130
Terms of availability 622.00
035 ## - SYSTEM CONTROL NUMBER
System control number EN-98865
037 ## - SOURCE OF ACQUISITION
Source of stock number/acquisition DBAD/PUB
082 ## - DEWEY DECIMAL CLASSIFICATION NUMBER
Classification number 320.95475
100 ## - MAIN ENTRY--PERSONAL NAME
Personal name Shah,A.M.
245 ## - TITLE STATEMENT
Title Sociology and history :
Remainder of title diglogues towards intergration /
Statement of responsibility, etc by A.M.Shah
260 ## - PUBLICATION, DISTRIBUTION, ETC. (IMPRINT)
Place of publication, distribution, etc New Delhi
Name of publisher, distributor, etc Orient BlackSwan
Date of publication, distribution, etc 2016
270 ## - ADDRESS
Address 1/24,Asaf Ali Road
City New Delhi
Postal code 110002
300 ## - PHYSICAL DESCRIPTION
Extent xii,254p.
Dimensions 22cm(Hb)
500 ## - GENERAL NOTE
General note Includes references, author index and Subject index
942 ## - ADDED ENTRY ELEMENTS (KOHA)
Source of classification or shelving scheme Dewey Decimal Classification
Item type English Books
Call number suffix SHA
Classification part 320.95475
Holdings
Withdrawn status Lost status Not for loan Collection code Home library Current library Date acquired Source of acquisition Cost, normal purchase price Full call number Barcode Copy number Cost, replacement price Koha item type
    Not For Loan Non-fiction D.B.Act.Division Bawana 20/06/2016 DBAD/PUB 622.00 320.95475 SHA EN-98865 1 622.00 English Books

© Delhi Public Library
Hit Counter
free hit counter